000
00310nam a2200121Ia 4500
008
190216s9999||||xx |||||||||||||| ||und||
100
_a
Akkitham Achyuthan Namboodiri
245
0
_a
Itinju Polinja Lokam (kavitha Samaharam)
260
_b
Pk Brothers
_c
1959
300
_a
97p
650
_a
Kavithkal
942
_c
BK
999
_c
26461
_d
26461